Asesoramiento y desempleo de larga duración: informe de la primera fase del programa de investigación en acción EUROCOUNSEL

Guardat en:
Dades bibliogràfiques
Autor corporatiu: Fundación Europea para la Mejora de las Condiciones de Vida y de Trabajo
Format: Text
Publicat: s.l.: Oficina de Publicaciones oficiales de las Comunidades Europeas
Etiquetes: Afegir etiqueta
Sense etiquetes, Sigues el primer a etiquetar aquest registre!

MARC

LEADER 00000 a a2200000 04500
001 22357
003
040
090 |a 152300  
110 |a Fundación Europea para la Mejora de las Condiciones de Vida y de Trabajo  
245 |a Asesoramiento y desempleo de larga duración: informe de la primera fase del programa de investigación en acción EUROCOUNSEL  
260 |a s.l.:   |b Oficina de Publicaciones oficiales de las Comunidades Europeas  
300 |a 97 p.  
999 |c 14870  |d 14870